[Event "Plzen, FSB A"]
[Site "?"]
[Date "2004.??.??"]
[Round "9.10"]
[White "Michalek, J."]
[Black "Franchini, G."]
[Result "1/2-1/2"]
[WhiteElo "2377"]
[BlackElo "2215"]
[PlyCount "65"]
[EventDate "2004.??.??"]
[Source "ChessBase"]
[SourceDate "1996.11.15"]

1. e4 e6 2. d4 d5 3. Nc3 Bb4 4. e5 c5 5. a3 Ba5 6. b4 cxd4 7. Nb5 Bc7 8. f4 Ne7
9. Nf3 Nbc6 10. Bd3 Bb8 11. Nbxd4 a6 12. Nxc6 Nxc6 13. Be3 Ba7 14. Qe2 Bd7 15.
O-O Bxe3+ 16. Qxe3 Qb8 17. Rfb1 Qa7 18. Qxa7 Nxa7 19. a4 Ke7 20. b5 a5 21. Kf2
f6 22. Ke3 Be8 23. Nd4 Bg6 24. Nb3 Nc8 25. Kd4 b6 26. Re1 Bxd3 27. cxd3 Kd7 28.
f5 exf5 29. exf6 gxf6 30. Kxd5 Ne7+ 31. Kd4 Rhg8 32. Re2 Rg4+ 33. Ke3 1/2-1/2

[Event "Plzen, FSB A"]
[Site "?"]
[Date "2004.??.??"]
[Round "9.11"]
[White "Studnicka, T."]
[Black "Bujak, M."]
[Result "1/2-1/2"]
[WhiteElo "2302"]
[BlackElo "2179"]
[PlyCount "60"]
[EventDate "2004.??.??"]
[Source "ChessBase"]
[SourceDate "1996.11.15"]

1. c4 e5 2. Nc3 Nf6 3. g3 d5 4. cxd5 Nxd5 5. Bg2 Ne7 6. Nf3 Nbc6 7. d3 g6 8.
Bg5 Bg7 9. Qc1 h6 10. Be3 Nd4 11. O-O Be6 12. Ne1 Nd5 13. Bxd4 exd4 14. Nxd5
Bxd5 15. Bxd5 Qxd5 16. Qxc7 O-O 17. Qc2 Rac8 18. Qd2 Rfe8 19. Ng2 Qe5 20. Rfe1
Re6 21. Rac1 Rxc1 22. Qxc1 Rc6 23. Qf4 Qxf4 24. Nxf4 Rc2 25. Rb1 g5 26. Ng2
Rxe2 27. Kf1 Rd2 28. h3 h5 29. Ke1 Rc2 30. Kf1 Rd2 1/2-1/2

[Event "Plzen, FSB A"]
[Site "?"]
[Date "2004.??.??"]
[Round "9.12"]
[White "Folk, P."]
[Black "Bensch, P."]
[Result "1/2-1/2"]
[WhiteElo "2245"]
[BlackElo "2288"]
[PlyCount "37"]
[EventDate "2004.??.??"]
[Source "ChessBase"]
[SourceDate "1996.11.15"]

1. e4 c5 2. Nf3 Nc6 3. d4 cxd4 4. Nxd4 Nf6 5. Nc3 e5 6. Ndb5 d6 7. Bg5 a6 8.
Na3 b5 9. Bxf6 gxf6 10. Nd5 f5 11. c3 Bg7 12. exf5 Bxf5 13. Nc2 O-O 14. Nce3
Be6 15. Bd3 f5 16. O-O Ra7 17. a4 Ne7 18. Nxe7+ Rxe7 19. axb5 1/2-1/2

[Event "Plzen, FSB A"]
[Site "?"]
[Date "2004.??.??"]
[Round "9.13"]
[White "Folkova, M."]
[Black "Zawadzka, J."]
[Result "0-1"]
[WhiteElo "2165"]
[BlackElo "2272"]
[PlyCount "52"]
[EventDate "2004.??.??"]
[Source "ChessBase"]
[SourceDate "1996.11.15"]

1. e4 e5 2. Nf3 Nc6 3. Bb5 a6 4. Ba4 Nf6 5. O-O b5 6. Bb3 Bb7 7. d3 Be7 8. a4
b4 9. a5 O-O 10. Nbd2 d5 11. exd5 Nxd5 12. Ne4 Qd7 13. Bg5 Nf4 14. Bxe7 Qxe7
15. Ng3 Rad8 16. Re1 Kh8 17. Qd2 Nxg2 18. Re2 Qf6 19. Ng5 Nf4 20. N5e4 Nxe2+
21. Qxe2 Qg6 22. c3 Bc8 23. Kh1 f5 24. Rg1 fxe4 25. Nxe4 Qf5 26. Rg3 Nxa5 0-1

[Event "Plzen, FSB A"]
[Site "?"]
[Date "2004.??.??"]
[Round "9.14"]
[White "Ionica, I."]
[Black "Simunek, F."]
[Result "1-0"]
[WhiteElo "2264"]
[BlackElo "1877"]
[PlyCount "99"]
[EventDate "2004.??.??"]
[Source "ChessBase"]
[SourceDate "1996.11.15"]

1. e4 c5 2. Nf3 d6 3. d4 cxd4 4. Nxd4 Nf6 5. Nc3 Nc6 6. Be2 e5 7. Nf3 h6 8. O-O
Be7 9. Re1 O-O 10. Bf1 Be6 11. Nd5 Bxd5 12. exd5 Nb4 13. c4 Na6 14. h3 Nd7 15.
a4 f5 16. b3 Ndc5 17. a5 Bf6 18. Bb2 Ne4 19. Bd3 Nac5 20. Bc2 Ng5 21. Nxg5 Bxg5
22. b4 Nd7 23. Ba4 Nf6 24. c5 e4 25. c6 bxc6 26. dxc6 Kh8 27. Bc3 d5 28. b5 f4
29. Qd4 Nh5 30. Rad1 Bf6 31. Qc5 Bxc3 32. Qxc3 Qg5 33. f3 Ng3 34. c7 e3 35. Bc2
Ne4 36. Qd3 Qg3 37. Re2 Ng5 38. Kh1 Rae8 39. Qg6 Qh4 40. b6 axb6 41. axb6 Re6
42. b7 Rxg6 43. c8=Q Nxh3 44. Qxf8+ Kh7 45. Bxg6+ Kxg6 46. gxh3 Qxh3+ 47. Kg1
Qxf3 48. Rg2+ Kh5 49. Qf5+ g5 50. Rh2+ 1-0

[Event "Plzen, FSB A"]
[Site "?"]
[Date "2004.??.??"]
[Round "9.15"]
[White "Havlik, J."]
[Black "Cifka, S."]
[Result "0-1"]
[WhiteElo "2136"]
[BlackElo "2302"]
[PlyCount "130"]
[EventDate "2004.??.??"]
[Source "ChessBase"]
[SourceDate "1996.11.15"]

1. e4 e6 2. d4 d5 3. exd5 exd5 4. Bd3 Bd6 5. Nf3 Nf6 6. O-O O-O 7. c3 Bg4 8.
Bg5 Nbd7 9. Nbd2 c6 10. Re1 Qc7 11. Qc2 Rfe8 12. Re3 Rxe3 13. fxe3 Re8 14. Bxf6
Nxf6 15. Re1 Bh5 16. e4 dxe4 17. Nxe4 Nxe4 18. Rxe4 Rxe4 19. Bxe4 Bxf3 20. gxf3
g6 21. Qe2 Qe7 22. Bd3 Qg5+ 23. Kf1 Qc1+ 24. Kg2 Kg7 25. Qf2 Bf4 26. Qe2 Be3
27. Kh3 h5 28. Qc2 Qg1 29. Qg2 Qc1 30. Qc2 Kf6 31. a4 Qxc2 32. Bxc2 Bc1 33. b4
Bd2 34. Be4 Ke7 35. b5 f5 36. Bc2 Bxc3 37. bxc6 bxc6 38. Kh4 Bxd4 39. Kg5 Kf7
40. Bb3+ Kg7 41. Bc4 Be3+ 42. f4 Bb6 43. Kh4 Kf6 44. Kg3 g5 45. fxg5+ Kxg5 46.
h3 Bc7+ 47. Kf3 Kf6 48. h4 c5 49. Be2 Bd8 50. Kf4 Bc7+ 51. Kf3 Ba5 52. Ke3 Kg6
53. Kd3 Be1 54. Kc4 Bf2 55. Kd5 a5 56. Kc4 f4 57. Kd5 Kf5 58. Bxh5 Bxh4 59. Bf3
Bf2 60. Bd1 Kg5 61. Ke4 c4 62. Kd5 c3 63. Kc4 Be1 64. Kd3 Bd2 65. Ke4 Kf6 0-1

[Event "Plzen, FSB A"]
[Site "?"]
[Date "2004.??.??"]
[Round "9.16"]
[White "Wiesinger, R."]
[Black "Pokrupa, M."]
[Result "1/2-1/2"]
[WhiteElo "2265"]
[BlackElo "2122"]
[PlyCount "24"]
[EventDate "2004.??.??"]
[Source "ChessBase"]
[SourceDate "1996.11.15"]

1. e4 e6 2. d4 d5 3. Nc3 Bb4 4. exd5 exd5 5. Bd3 Qf6 6. Nge2 Ne7 7. Bf4 c6 8.
Qd2 Bf5 9. a3 Bd6 10. Bxd6 Qxd6 11. O-O O-O 12. Nf4 Nd7 1/2-1/2

[Event "Plzen, FSB A"]
[Site "?"]
[Date "2004.??.??"]
[Round "9.17"]
[White "Zeleny, T."]
[Black "Chalus, K."]
[Result "1-0"]
[WhiteElo "2254"]
[BlackElo "2123"]
[PlyCount "122"]
[EventDate "2004.??.??"]
[Source "ChessBase"]
[SourceDate "1996.11.15"]

1. b3 d5 2. Bb2 Nf6 3. Nf3 g6 4. e3 Bg7 5. Be2 O-O 6. O-O Nbd7 7. c4 c6 8. d4
Ne4 9. Nbd2 Ndf6 10. Ne5 Nxd2 11. Qxd2 Ne4 12. Qc2 f6 13. Nd3 Bf5 14. Rfe1 g5
15. c5 g4 16. Qd1 Qd7 17. Nf4 Bh6 18. Nh5 Kh8 19. b4 Rg8 20. Ng3 Nxg3 21. hxg3
Bg5 22. Bd3 Bxd3 23. Qxd3 f5 24. Kf1 Qe6 25. Bc3 Rg6 26. Rab1 a6 27. a4 Rh6 28.
Ke2 Rf8 29. Rh1 Rff6 30. Kd2 Rxh1 31. Rxh1 Rh6 32. Rxh6 Bxh6 33. b5 axb5 34.
axb5 Bg5 35. Ba5 Qc8 36. Kc3 e6 37. Kb4 Bd8 38. Qa3 Bf6 39. Bb6 e5 40. dxe5
Bxe5 41. bxc6 bxc6 42. Qa7 d4 43. Qe7 Bg7 44. exd4 Bxd4 45. Bd8 h6 46. Qe8+ Kh7
47. Qf7+ Bg7 48. Bb6 Kh8 49. Qe7 Kh7 50. Ka5 Qg8 51. Bc7 Qc4 52. Kb6 Qb5+ 53.
Ka7 Kh8 54. Be5 Qa5+ 55. Kb7 Qb5+ 56. Kc7 Qa5+ 57. Kd6 Bxe5+ 58. Qxe5+ Kg8 59.
Qe8+ Kg7 60. Qd7+ Kg6 61. Qe6+ Kg7 1-0

[Event "Plzen, FSB A"]
[Site "?"]
[Date "2004.??.??"]
[Round "9.18"]
[White "Toman, Jar"]
[Black "Koth, S."]
[Result "0-1"]
[WhiteElo "2145"]
[BlackElo "2190"]
[PlyCount "128"]
[EventDate "2004.??.??"]
[Source "ChessBase"]
[SourceDate "1996.11.15"]

1. e4 c5 2. Nf3 e6 3. d4 cxd4 4. Nxd4 a6 5. Nc3 b5 6. Bd3 Bb7 7. a3 Nf6 8. Qe2
Nc6 9. Nb3 Ne5 10. O-O d5 11. Rd1 Be7 12. exd5 Nxd3 13. dxe6 O-O 14. Rxd3 Qc7
15. Bg5 Qc6 16. exf7+ Rxf7 17. f3 Re8 18. Qd2 h6 19. Be3 Qc8 20. Re1 Qf5 21.
Bd4 Rc8 22. Re5 Qg6 23. Bc5 Rc7 24. Bxe7 Rcxe7 25. Rxe7 Rxe7 26. Nc5 Bc8 27.
Rd8+ Re8 28. N3e4 Nxe4 29. Rxe8+ Qxe8 30. Qd5+ Kh8 31. fxe4 Kh7 32. b4 Qg6 33.
Qd3 Qg5 34. h3 Qf4 35. Qf3 Qe5 36. Qe3 Qa1+ 37. Kh2 Qe5+ 38. Qg3 Qd4 39. e5 Bf5
40. c3 Qc4 41. Qe3 Qd5 42. Qd4 Qa2 43. Qe3 Qd5 44. Qd4 Qa2 45. Qf4 Bg6 46. e6
Qe2 47. Qd6 Qe1 48. e7 Qe2 49. Nxa6 Be4 50. Qg3 Bg6 51. Qd6 Be4 52. Qg3 Bg6 53.
Nc5 Qxe7 54. a4 bxa4 55. Nxa4 Qe4 56. Nc5 Qd5 57. Qf4 Qc6 58. Qe5 Qb5 59. Nd7
Qxd7 60. c4 Qb7 61. b5 Be4 62. g3 Qa8 63. Qb2 Qa4 64. c5 Qd1 0-1

[Event "Plzen, FSB A"]
[Site "?"]
[Date "2004.??.??"]
[Round "9.19"]
[White "Hodova, L."]
[Black "Galicek, S."]
[Result "1/2-1/2"]
[WhiteElo "2112"]
[BlackElo "2181"]
[PlyCount "39"]
[EventDate "2004.??.??"]
[Source "ChessBase"]
[SourceDate "1996.11.15"]

1. e4 c5 2. Nf3 d6 3. d4 cxd4 4. Nxd4 Nf6 5. Nc3 a6 6. g3 e5 7. Nde2 Be7 8. a4
b6 9. Bg2 Bb7 10. h3 Nbd7 11. g4 Nc5 12. Ng3 O-O 13. O-O g6 14. f4 Ne8 15. Nd5
Bh4 16. Kh2 Nf6 17. Nxf6+ Bxf6 18. g5 exf4 19. gxf6 fxg3+ 20. Kxg3 1/2-1/2

[Event "Plzen, FSB A"]
[Site "?"]
[Date "2004.??.??"]
[Round "9.21"]
[White "Jenicek, E."]
[Black "Jaros, M."]
[Result "1-0"]
[WhiteElo "2021"]
[BlackElo "2169"]
[PlyCount "81"]
[EventDate "2004.??.??"]
[Source "ChessBase"]
[SourceDate "1996.11.15"]

1. Nf3 Nf6 2. c4 g6 3. Nc3 Bg7 4. e4 d6 5. d4 O-O 6. Be2 e5 7. O-O Nc6 8. d5
Ne7 9. Ne1 Nd7 10. Be3 f5 11. f3 f4 12. Bf2 g5 13. a4 Nf6 14. c5 Ng6 15. cxd6
cxd6 16. a5 Rf7 17. Nb5 g4 18. Bxa7 g3 19. Bb6 Qe7 20. Nc7 gxh2+ 21. Kxh2 Rb8
22. Rh1 Nh5 23. Kg1 Ng3 24. Rh2 Nf8 25. Rc1 Bd7 26. Bb5 Rc8 27. Rc2 Rf6 28.
Bxd7 Nxd7 29. Ne6 Nxb6 30. axb6 Rxc2 31. Qxc2 h5 32. Qc8+ Bf8 33. Nc7 Rf7 34.
Qxb7 Qd8 35. Nd3 Be7 36. Nb4 Qd7 37. Qc6 Bd8 38. Qxd7 Rxd7 39. Nba6 Kf7 40. Kf2
Ke7 41. Rh3 1-0

[Event "Plzen, FSB A"]
[Site "?"]
[Date "2004.??.??"]
[Round "9.22"]
[White "Vrana, J."]
[Black "Hlavac, R."]
[Result "1/2-1/2"]
[WhiteElo "2074"]
[BlackElo "2165"]
[PlyCount "119"]
[EventDate "2004.??.??"]
[Source "ChessBase"]
[SourceDate "1996.11.15"]

1. e4 c5 2. c3 d5 3. exd5 Qxd5 4. d4 Nf6 5. Nf3 e6 6. Bd3 Nc6 7. O-O cxd4 8.
cxd4 Be7 9. Nc3 Qd6 10. Qe2 O-O 11. Rd1 b6 12. Bg5 Bb7 13. Rac1 Rac8 14. Bb1
Nb4 15. Ne5 a6 16. a3 Nbd5 17. Rd3 Nxc3 18. bxc3 g6 19. Rh3 Nd7 20. Bh6 Nxe5
21. dxe5 Qc6 22. f4 Rfd8 23. Rf1 Qc4 24. Bd3 Qxc3 25. f5 Qd4+ 26. Kh1 exf5 27.
Bxf5 Rc3 28. e6 f6 29. Be3 Qc4 30. Qxc4 Rxc4 31. Bxb6 Rd2 32. Rg3 Kg7 33. Be3
Rd6 34. Bb1 Rc3 35. Bh6+ Kxh6 36. Rxc3 Rxe6 37. Kg1 Re5 38. Rfc1 Bd6 39. Bd3 a5
40. Bf1 Bd5 41. Rd1 a4 42. g3 Bb8 43. Bg2 Ba7+ 44. Kh1 Bb3 45. Rf1 f5 46. Bc6
Bc5 47. Rb1 Bxa3 48. Bxa4 Ba2 49. Rd1 Bb4 50. Rcd3 Rc5 51. Bb3 Bxb3 52. Rxb3
Ba5 53. Rb2 Kg5 54. Kg2 h6 55. Ra2 f4 56. gxf4+ Kxf4 57. Rd6 Kg5 58. Re6 Kh5
59. Ra3 Rc2+ 60. Kf3 1/2-1/2

[Event "Plzen, FSB A"]
[Site "?"]
[Date "2004.??.??"]
[Round "9.23"]
[White "Kana, P."]
[Black "Reitinger, P."]
[Result "0-1"]
[WhiteElo "2159"]
[BlackElo "2090"]
[PlyCount "98"]
[EventDate "2004.??.??"]
[Source "ChessBase"]
[SourceDate "1996.11.15"]

1. e4 c5 2. Nf3 Nc6 3. d4 cxd4 4. Nxd4 e5 5. Nb5 a6 6. N5c3 Nf6 7. Bg5 b5 8.
Bd3 Be7 9. Bxf6 Bxf6 10. Nd5 Bb7 11. O-O Bg5 12. c4 Nd4 13. Nbc3 bxc4 14. Bxc4
Ne6 15. Qd3 O-O 16. Rad1 Kh8 17. b4 a5 18. a3 Rc8 19. Ba6 Bxa6 20. Qxa6 axb4
21. axb4 Rc6 22. Qd3 Qc8 23. g3 Bd8 24. Rc1 Nd4 25. Kg2 Qb7 26. Rb1 d6 27. Rb2
f5 28. f3 g5 29. g4 fxg4 30. fxg4 Rf4 31. Nxf4 gxf4 32. b5 Rc5 33. Rxf4 Qg7 34.
Rf3 Bh4 35. h3 h5 36. Qf1 Ne6 37. Rf7 Nf4+ 38. Qxf4 exf4 39. Rxg7 f3+ 40. Kh2
Kxg7 41. b6 Rxc3 42. b7 f2 43. Rb1 f1=Q 44. Rxf1 Rb3 45. Rf5 hxg4 46. hxg4 Bg3+
47. Kh3 Be5+ 48. Rf3 Rxf3+ 49. Kh4 Rb3 0-1

[Event "Plzen, FSB A"]
[Site "?"]
[Date "2004.??.??"]
[Round "9.24"]
[White "Purnoch, J."]
[Black "Cvikl, M."]
[Result "0-1"]
[WhiteElo "2184"]
[BlackElo "2056"]
[PlyCount "68"]
[EventDate "2004.??.??"]
[Source "ChessBase"]
[SourceDate "1996.11.15"]

1. d4 Nf6 2. c4 c5 3. d5 e5 4. Nc3 d6 5. e4 Be7 6. g3 O-O 7. Bg2 Na6 8. Nge2
Rb8 9. O-O Nd7 10. f4 exf4 11. gxf4 f5 12. exf5 Rxf5 13. Qd3 Rf8 14. Be3 Nc7
15. a4 Ne8 16. Ng3 Ndf6 17. Rae1 Ng4 18. Bc1 Bf6 19. Be4 Bd4+ 20. Kh1 Nxh2 21.
Bxh7+ Kh8 22. Nf5 Bxf5 23. Bxf5 Qh4 24. Kg2 g6 25. Be6 Nxf1 26. Rxf1 Kg7 27.
Rf3 Rh8 28. Bh3 Nf6 29. Ne2 Rbe8 30. Nxd4 cxd4 31. Rg3 Qh5 32. Qxd4 Qe2+ 33.
Kh1 Qf1+ 34. Kh2 Re2+ 0-1

[Event "Plzen, FSB A"]
[Site "?"]
[Date "2004.??.??"]
[Round "9.25"]
[White "Vinklarek, O."]
[Black "Jenicek, M."]
[Result "1/2-1/2"]
[WhiteElo "2044"]
[BlackElo "2117"]
[PlyCount "57"]
[EventDate "2004.??.??"]
[Source "ChessBase"]
[SourceDate "1996.11.15"]

1. e4 c6 2. d4 d5 3. exd5 cxd5 4. Bd3 Nc6 5. c3 Qc7 6. h3 Bd7 7. Nf3 Nf6 8. Qe2
e6 9. Ne5 Nxd4 10. Qe3 Nc6 11. Nxd7 Nxd7 12. O-O Bd6 13. Qg5 O-O 14. Nd2 Be7
15. Qh5 Nf6 16. Qe2 e5 17. Nb3 Nd7 18. Qh5 e4 19. Bc2 Qe5 20. Qe2 Bd6 21. g3
Qe6 22. Kg2 Nde5 23. Be3 Nf3 24. Rad1 f5 25. Nc5 Qf7 26. Rxd5 Qg6 27. Nxb7 Be5
28. Nc5 h5 29. Nd7 1/2-1/2

[Event "Plzen, FSB A"]
[Site "?"]
[Date "2004.??.??"]
[Round "9.26"]
[White "Vrchotka, J."]
[Black "Jina, L."]
[Result "1-0"]
[WhiteElo "2103"]
[BlackElo "1943"]
[PlyCount "77"]
[EventDate "2004.??.??"]
[Source "ChessBase"]
[SourceDate "1996.11.15"]

1. e4 c5 2. Nc3 Nc6 3. g3 e6 4. Bg2 Nf6 5. f4 d6 6. Nf3 Be7 7. O-O O-O 8. d3 a6
9. h3 Qc7 10. Ne2 Bd7 11. c3 Ne8 12. g4 f6 13. f5 exf5 14. gxf5 Ne5 15. Nf4 Rd8
16. Nd5 Qb8 17. Nxe7+ Kf7 18. Nd5 Rh8 19. Be3 b6 20. Qb3 b5 21. Qc2 g5 22. d4
Nxf3+ 23. Bxf3 h5 24. Qe2 Ng7 25. dxc5 Rh7 26. Qh2 Bc6 27. Bg2 Qc8 28. Nb6 Qb7
29. Rad1 Bxe4 30. cxd6 h4 31. Qh1 Bxg2 32. Qxg2 Qb8 33. Qd5+ Kf8 34. Bc5 Nh5
35. Rde1 Rb7 36. Re7 Rxe7 37. dxe7+ Kg7 38. exd8=Q Qg3+ 39. Qg2 1-0

[Event "Plzen, FSB A"]
[Site "?"]
[Date "2004.??.??"]
[Round "9.27"]
[White "de Cauter, W."]
[Black "Svoboda, J."]
[Result "1/2-1/2"]
[WhiteElo "2089"]
[BlackElo "1796"]
[PlyCount "56"]
[EventDate "2004.??.??"]
[Source "ChessBase"]
[SourceDate "1996.11.15"]

1. f4 d5 2. Nf3 c5 3. d3 Nc6 4. g3 Nf6 5. Bg2 Bg4 6. O-O Bxf3 7. Bxf3 e6 8. Nd2
h5 9. e4 h4 10. c4 hxg3 11. hxg3 dxe4 12. dxe4 Qd4+ 13. Kg2 e5 14. Qa4 Qd7 15.
f5 g6 16. Nb3 gxf5 17. exf5 e4 18. Be2 Bd6 19. Bf4 Bxf4 20. Rxf4 Qd6 21. Rd1
Qe5 22. Qb5 Rg8 23. Qxb7 Qxf4 24. Qxc6+ Ke7 25. Qxc5+ Ke8 26. Qc6+ Ke7 27. Qb7+
Kf8 28. Qb4+ Ke8 1/2-1/2

[Event "Plzen, FSB A"]
[Site "?"]
[Date "2004.??.??"]
[Round "9.28"]
[White "Vachtfeidl, P."]
[Black "Kriz, L."]
[Result "1-0"]
[WhiteElo "2060"]
[BlackElo "2072"]
[PlyCount "67"]
[EventDate "2004.??.??"]
[Source "ChessBase"]
[SourceDate "1996.11.15"]

1. e4 e5 2. Nf3 Nf6 3. Nxe5 d6 4. Nf3 Nxe4 5. d4 d5 6. Bd3 Be7 7. O-O O-O 8.
Re1 Nd6 9. Bf4 Bg4 10. h3 Bh5 11. Re5 Bxf3 12. Qxf3 c6 13. c3 Nd7 14. Re2 Nf6
15. Nd2 h6 16. Rae1 Re8 17. g4 Qd7 18. Kg2 Bf8 19. Be5 Nh7 20. Qg3 f6 21. Bf4
Rxe2 22. Rxe2 g5 23. Bxd6 Bxd6 24. Qe3 Nf8 25. Nf1 Kf7 26. Bf5 Qc7 27. Ng3 Bf4
28. Be6+ Kg6 29. Qd3+ Kg7 30. Nh5+ Kh8 31. Qf5 Nh7 32. Qg6 Bd6 33. Bf7 Bf8 34.
Qg8# 1-0

[Event "Plzen, FSB A"]
[Site "?"]
[Date "2004.??.??"]
[Round "9.30"]
[White "Goldobin, T."]
[Black "Spiesberger, G."]
[Result "1-0"]
[WhiteElo "2027"]
[BlackElo "2070"]
[PlyCount "63"]
[EventDate "2004.??.??"]
[Source "ChessBase"]
[SourceDate "1996.11.15"]

1. Nf3 f5 2. d4 Nf6 3. c4 e6 4. g3 Bb4+ 5. Bd2 Qe7 6. a3 Bxd2+ 7. Qxd2 O-O 8.
Nc3 d6 9. Bg2 Nbd7 10. O-O Ne4 11. Nxe4 fxe4 12. Qg5 Rf6 13. Nd2 h6 14. Qe3 d5
15. f3 exf3 16. Bxf3 dxc4 17. Nxc4 Rb8 18. Rac1 b6 19. Ne5 Nxe5 20. Qxe5 Rf7
21. Bh5 Rxf1+ 22. Kxf1 Bd7 23. Rxc7 Rf8+ 24. Bf3 Rf5 25. Qe4 Qd6 26. Qb7 Rf7
27. Qa8+ Kh7 28. Qe4+ g6 29. Qe5 Qe7 30. d5 Rf5 31. d6 Qf8 32. Rxd7+ 1-0

[Event "Plzen, FSB A"]
[Site "?"]
[Date "2004.??.??"]
[Round "9.31"]
[White "Kalista, K."]
[Black "Valickova, M."]
[Result "1/2-1/2"]
[WhiteElo "2019"]
[BlackElo "2063"]
[PlyCount "60"]
[EventDate "2004.??.??"]
[Source "ChessBase"]
[SourceDate "1996.11.15"]

1. d4 d5 2. c4 c6 3. Nf3 Nf6 4. Nc3 dxc4 5. a4 Bf5 6. Ne5 e6 7. e3 Nbd7 8. Nxc4
Bb4 9. Qb3 Qe7 10. Bd2 O-O 11. Be2 a5 12. O-O e5 13. Rfe1 Rfe8 14. Rad1 Rad8
15. Bf1 e4 16. Nb1 Nd5 17. Nxa5 Bd6 18. g3 Rb8 19. Nc4 Bc7 20. Qa3 Qe6 21. Bb4
Nxb4 22. Qxb4 b5 23. axb5 Rxb5 24. Qd2 Bg4 25. Rc1 Rh5 26. f4 exf3 27. Qf2 Nf6
28. Nbd2 Bh3 29. Qxf3 Bg4 30. Qf2 h6 1/2-1/2

[Event "Plzen, FSB A"]
[Site "?"]
[Date "2004.??.??"]
[Round "9.32"]
[White "Beran, B."]
[Black "Pahorecky, J."]
[Result "1/2-1/2"]
[WhiteElo "2158"]
[BlackElo "1946"]
[PlyCount "45"]
[EventDate "2004.??.??"]
[Source "ChessBase"]
[SourceDate "1996.11.15"]

1. c4 e5 2. g3 Nf6 3. Bg2 d5 4. cxd5 Nxd5 5. Nc3 Nb6 6. d3 Be7 7. Nf3 Nc6 8.
O-O O-O 9. a3 f5 10. b4 Bf6 11. Bb2 Be6 12. Rc1 Qd7 13. Na4 Nxa4 14. Qxa4 e4
15. Bxf6 exf3 16. Bxf3 Rxf6 17. Bxc6 bxc6 18. Qxc6 Rc8 19. Qxd7 Bxd7 20. e3 Rc6
21. d4 Kf7 22. Rfd1 Ke7 23. f3 1/2-1/2

[Event "Plzen, FSB A"]
[Site "?"]
[Date "2004.??.??"]
[Round "9.34"]
[White "Bukacek, L."]
[Black "Cekan, P."]
[Result "1-0"]
[WhiteElo "2091"]
[BlackElo "1894"]
[PlyCount "171"]
[EventDate "2004.??.??"]
[Source "ChessBase"]
[SourceDate "1996.11.15"]

1. d4 d5 2. c4 e6 3. Nc3 Nf6 4. Bg5 Be7 5. e3 O-O 6. Nf3 Nbd7 7. Rc1 c6 8. Qc2
Re8 9. Bd3 h6 10. Bf4 dxc4 11. Bxc4 Nb6 12. Be2 Nbd5 13. Bg3 Nxc3 14. bxc3 Nh5
15. O-O Nxg3 16. hxg3 Bd6 17. Rfd1 Qc7 18. c4 b6 19. c5 bxc5 20. dxc5 Be7 21.
Qa4 e5 22. Bc4 Bf5 23. Rd2 Red8 24. Rb2 Rab8 25. Rb3 Bf6 26. Rxb8 Rxb8 27. Rd1
a5 28. a3 Be7 29. Rc1 g5 30. Qd1 Rd8 31. Qb3 Bf8 32. a4 Rb8 33. Qc3 Bg7 34. Bb3
Rb4 35. Nd2 Qe7 36. e4 Be6 37. Bc2 Qd7 38. Rb1 Qd4 39. Qxd4 Rxb1+ 40. Bxb1 exd4
41. e5 Bxe5 42. Be4 d3 43. Bxd3 Bd4 44. Be4 Bc3 45. Nf1 Bd4 46. Bxc6 Bxc5 47.
Nd2 Bb4 48. Nf3 Bc3 49. Bb5 g4 50. Nh2 Kf8 51. Nf1 Ke7 52. Ne3 Bd2 53. Nc4 Bc3
54. Kf1 Bd7 55. Bxd7 Kxd7 56. f3 gxf3 57. gxf3 Kc6 58. Ke2 Kc5 59. Kd3 Kb4 60.
g4 Be1 61. f4 Kxa4 62. Kc2 Kb4 63. Ne5 Bg3 64. Nd3+ Kc4 65. g5 h5 66. f5 Kd5
67. Kd2 h4 68. Ke3 h3 69. g6 fxg6 70. fxg6 Ke6 71. Kf3 h2 72. Nc5+ Ke7 73. Kg2
Bf4 74. Ne4 a4 75. Nc3 a3 76. Nd5+ Kf8 77. Nb4 Kg7 78. Nc2 a2 79. Na1 Kxg6 80.
Nb3 Be5 81. Kh1 Kf5 82. Kg2 Ke4 83. Kh1 Kf3 84. Nc1 a1=N 85. Nb3 Nc2 86. Nd2+
$138 1-0

[Event "Plzen, FSB A"]
[Site "?"]
[Date "2004.??.??"]
[Round "9.35"]
[White "Hejl, J."]
[Black "Fiala, J."]
[Result "1-0"]
[WhiteElo "2081"]
[BlackElo "1914"]
[PlyCount "85"]
[EventDate "2004.??.??"]
[Source "ChessBase"]
[SourceDate "1996.11.15"]

1. d4 d6 2. c4 Nd7 3. e4 e5 4. Ne2 g6 5. Nbc3 Bg7 6. Be3 Ne7 7. h4 h5 8. Qd2
O-O 9. Bg5 Kh7 10. f3 f6 11. Be3 f5 12. g3 exd4 13. Nxd4 Ne5 14. Be2 N5c6 15.
O-O-O Nxd4 16. Bxd4 Bxd4 17. Qxd4 Nc6 18. Qd2 Ne5 19. c5 fxe4 20. Nxe4 Bf5 21.
cxd6 Bxe4 22. fxe4 cxd6 23. Qxd6 Rc8+ 24. Kb1 Qxd6 25. Rxd6 Rf2 26. Re1 Re8 27.
Bb5 Re7 28. Re3 Kg7 29. a3 Kf7 30. Be2 Rc7 31. Rd2 Kf6 32. Rc2 Rd7 33. Kc1 Rg2
34. b3 Ke7 35. Kb2 a6 36. b4 Kf6 37. Kb3 Ke7 38. Rc5 Kf6 39. Rd5 Rc7 40. Rd6+
Ke7 41. Rb6 Nd7 42. Rxg6 Rc1 43. Rg7+ 1-0

[Event "Plzen, FSB A"]
[Site "?"]
[Date "2004.??.??"]
[Round "9.36"]
[White "Sedlacek, J."]
[Black "Petera, L."]
[Result "0-1"]
[WhiteElo "2069"]
[BlackElo "1851"]
[PlyCount "108"]
[EventDate "2004.??.??"]
[Source "ChessBase"]
[SourceDate "1996.11.15"]

1. c4 e5 2. Nc3 Bb4 3. Nf3 Bxc3 4. dxc3 d6 5. g3 Nf6 6. Bg2 Nbd7 7. O-O O-O 8.
b3 Re8 9. Ne1 Nf8 10. Nc2 Ng6 11. Ne3 Rb8 12. Qc2 Ng4 13. Nd5 Be6 14. h3 Nf6
15. Bg5 Qc8 16. Bxf6 Bxd5 17. cxd5 gxf6 18. h4 Kg7 19. c4 Qd7 20. Kh2 Qe7 21.
h5 Nf8 22. Qf5 e4 23. f4 exf3 24. Qxf3 Nd7 25. e4 Ne5 26. Qf5 Kh8 27. Bh3 Rg8
28. Qxf6+ Qxf6 29. Rxf6 Rg5 30. Rf5 Rbg8 31. Rxg5 Rxg5 32. Bf5 Rxh5+ 33. Kg2
Kg7 34. Rc1 Rg5 35. Rc3 Ng6 36. Bxg6 hxg6 37. b4 Re5 38. Kf3 f5 39. exf5 Rxf5+
40. Kg4 Kf6 41. b5 Rf1 42. Ra3 Rc1 43. Rf3+ Ke5 44. Rf4 Rc3 45. Kh4 g5+ 46.
Kxg5 Rxg3+ 47. Rg4 Rxg4+ 48. Kxg4 Kd4 49. Kf5 Kxc4 50. Ke6 Kxb5 51. Kd7 Kc5 52.
Kxc7 b5 53. Kb7 Kxd5 54. Kxa7 Kc4 0-1

[Event "Plzen, FSB A"]
[Site "?"]
[Date "2004.??.??"]
[Round "9.37"]
[White "Snaidr, J."]
[Black "Rakous, P."]
[Result "0-1"]
[WhiteElo "2063"]
[BlackElo "1716"]
[PlyCount "62"]
[EventDate "2004.??.??"]
[Source "ChessBase"]
[SourceDate "1996.11.15"]

1. d4 Nf6 2. c4 c5 3. d5 e6 4. Nc3 exd5 5. cxd5 d6 6. e4 g6 7. Nf3 Bg7 8. Be2
O-O 9. O-O a6 10. a4 Re8 11. Nd2 Nbd7 12. f4 c4 13. Bf3 Nc5 14. e5 dxe5 15.
fxe5 Rxe5 16. Nxc4 Re8 17. Bf4 Nfe4 18. Nxe4 Nxe4 19. a5 Qf6 20. Nb6 Qxf4 21.
Bxe4 Qxe4 22. Re1 Qd4+ 23. Kh1 Bf5 24. Nxa8 Rxa8 25. Re7 Rd8 26. Rc1 Rxd5 27.
Qb3 Be6 28. Re8+ Bf8 29. h3 Qd2 30. Qc3 Qxc3 31. Rxc3 Rxa5 0-1

[Event "Plzen, FSB A"]
[Site "?"]
[Date "2004.??.??"]
[Round "9.38"]
[White "Spirek, A."]
[Black "Steinhauser, F."]
[Result "1/2-1/2"]
[WhiteElo "2049"]
[BlackElo "1773"]
[PlyCount "38"]
[EventDate "2004.??.??"]
[Source "ChessBase"]
[SourceDate "1996.11.15"]

1. e4 c5 2. Nf3 d6 3. d4 cxd4 4. Nxd4 Nf6 5. Nc3 g6 6. Be3 Bg7 7. f3 O-O 8. Qd2
Nc6 9. O-O-O d5 10. exd5 Nxd5 11. Nxc6 bxc6 12. Nxd5 cxd5 13. Qxd5 Qc7 14. Qc5
Qb7 15. Qa3 Bf5 16. Bd3 Rab8 17. b3 Bxd3 18. Rxd3 Rfc8 19. Bd4 Qb5 1/2-1/2